000 00799nam a2200253Ia 4500
001 Z_677
003 CHAP
008 220113s1989 xx 000 0 und d
010 _a163770
040 _cCHAP
090 _aTesis T 526
100 _aTrejo Hernández, Felix
_9114753
245 _aDiagnóstico descriptivo de la ganadería bovina en la región "Sierras de Mascotalpa" del estado de Jalisco (seminario de titulación) /
_cFelix Trejo Hernández
260 _aChapingo, Méx. :
_bEl autor,
_c1989
300 _a81 h.
502 _aTesis (Ing. Agrónomo Esp. en Zootecnia) -- UACH. Departamento de Zootecnia
650 _aGanado vacuno
_xJaliscoJalisco
_xGanado vacuno
_9137848
901 _aTESIS T 526
902 _aM
910 _a1989
942 _c2
942 _c2
999 _c163770
_d163770